000 00247nam a2200109Ia 4500
005 20251222114356.0
008 251222s1900||||xx |||||||||||||| ||spa||
082 _aDVD0180/F83/2001
245 0 _aIntacto
264 _bParamount Pictures
942 _cDVD
999 _c1452
_d1452